[Event "Bundesliga 1920"]
[Site "Germany"]
[Date "2020.02.22"]
[Round "7.5"]
[White "Maiwald, Jens Uwe"]
[Black "Lemmers, Oscar"]
[Result "1-0"]
[WhiteElo "2443"]
[BlackElo "2346"]
[PlyCount "47"]
[EventDate "2019.11.23"]
[EventType "team-tourn"]
[EventRounds "15"]
[EventCountry "GER"]
[SourceTitle "CBM 195 Extra"]
[Source "ChessBase"]
[SourceDate "2020.05.31"]
[SourceVersion "1"]
[SourceVersionDate "2020.05.31"]
[SourceQuality "1"]
[WhiteTeam "Dresden TU"]
[BlackTeam "Aachen"]
[WhiteTeamCountry "GER"]
[BlackTeamCountry "GER"]

1. e4 c5 2. Nf3 e6 3. d3 Nc6 4. g3 Nge7 5. Bg2 g6 6. 0-0 Bg7 7. Re1 d5 8. e5 Bd7 9. c4 dxc4 10. dxc4 Qc7 11. Nc3 Nxe5 12. Nxe5 Bxe5 13. Rxe5 Qxe5 14. Bf4 Qd4 15. Qe2 Qg7 16. Bxb7 Rd8 17. Be5 f6 18. Bc7 Nf5 19. Bxd8 Kxd8 20. Rd1 Kc7 21. Bg2 Qe7 22. Qe1 Kb8 23. Qe4 Be8 24. Qa8+ 1-0

[Event "AUT-chT 1920"]
[Site "Austria"]
[Date "2020.01.09"]
[Round "5.5"]
[White "Maiwald, Jens Uwe"]
[Black "Neyman, Igor"]
[Result "0-1"]
[WhiteElo "2439"]
[BlackElo "2330"]
[PlyCount "118"]
[EventDate "2019.10.10"]
[EventType "team-tourn"]
[EventRounds "11"]
[EventCountry "AUT"]
[SourceTitle "CBM 194 Extra"]
[Source "ChessBase"]
[SourceDate "2020.03.31"]
[SourceVersion "1"]
[SourceVersionDate "2020.03.31"]
[SourceQuality "1"]
[WhiteTeam "Mayrhofen/Zillertal"]
[BlackTeam "Goetzis"]
[WhiteTeamCountry "AUT"]
[BlackTeamCountry "AUT"]

1. e4 c5 2. d3 Nc6 3. g3 Nf6 4. Bg2 d5 5. Nd2 Bg4 6. Ngf3 dxe4 7. dxe4 e5 8. h3 Be6 9. 0-0 h6 10. c3 Be7 11. Qe2 0-0 12. Nc4 Qc7 13. Nh4 Rfe8 14. f4 Rad8 15. Nxe5 Nxe5 16. fxe5 Nd7 17. Nf5 Nxe5 18. Bf4 Bxf5 19. exf5 Bf6 20. Qb5 Re7 21. Rad1 Red7 22. Rxd7 Rxd7 23. Re1 Re7 24. Rd1 b6 25. Rd5 Qc8 26. g4 Kh7 27. a4 g5 28. fxg6+ Nxg6 29. Bg3 Qe6 30. Rd6 Qe3+ 31. Bf2 Qc1+ 32. Qf1 Qf4 33. Rd5 Be5 34. Qd3 Qc1+ 35. Bf1 Qxb2 36. Qf5 Qxc3 37. h4 Kg7 38. g5 h5 39. Rd3 Qb4 40. Qf3 Qf4 41. Qxf4 Bxf4 42. a5 Ne5 43. Rd5 f6 44. axb6 axb6 45. gxf6+ Kxf6 46. Bh3 Rg7+ 47. Kf1 Rg6 48. Be1 Ke7 49. Ke2 Rd6 50. Rxd6 Kxd6 51. Bf5 b5 52. Bc3 b4 53. Bxe5+ Kxe5 54. Bg6 Kd4 55. Bxh5 b3 56. Bf7 c4 57. h5 Bh6 58. Be6 Kc3 59. Kd1 Kb4 0-1

[Event "AUT-chT 1819"]
[Site "Austria"]
[Date "2019.03.31"]
[Round "10.3"]
[White "Felsberger, Alfred"]
[Black "Maiwald, Jens Uwe"]
[Result "0-1"]
[WhiteElo "2335"]
[BlackElo "2443"]
[PlyCount "68"]
[EventDate "2018.11.15"]
[EventType "team-tourn"]
[EventRounds "11"]
[EventCountry "AUT"]
[SourceTitle "CBM 189 Extra"]
[Source "ChessBase"]
[SourceDate "2019.06.03"]
[SourceVersion "1"]
[SourceVersionDate "2019.06.03"]
[SourceQuality "1"]
[WhiteTeam "Ansfelden"]
[BlackTeam "Mayrhofen/Zillertal"]
[WhiteTeamCountry "AUT"]
[BlackTeamCountry "AUT"]

1. e4 d6 2. d4 Nf6 3. Nc3 g6 4. Nf3 Bg7 5. Be2 0-0 6. 0-0 Bg4 7. Be3 Nc6 8. d5 Bxf3 9. Bxf3 Nb8 10. Be2 c6 11. f4 Nbd7 12. Bf3 Qc7 13. Qd2 Nb6 14. dxc6 bxc6 15. b3 Rad8 16. Rad1 Rfe8 17. Qd3 Qc8 18. a4 c5 19. a5 Nbd7 20. Nb5 a6 21. Na3 Nb8 22. Nc4 Qc7 23. c3 Nfd7 24. Rf2 Nc6 25. Ra2 Na7 26. Bf2 Nb5 27. Be1 Nb8 28. h4 Nc6 29. h5 e6 30. hxg6 hxg6 31. Ne3 d5 32. exd5 Qxf4 33. Bd2 Ne5 34. Qf1 Nxc3 0-1

[Event "AUT-chT 1819"]
[Site "Austria"]
[Date "2019.01.17"]
[Round "5.4"]
[White "Acs, Peter"]
[Black "Maiwald, Jens Uwe"]
[Result "1-0"]
[WhiteElo "2594"]
[BlackElo "2443"]
[PlyCount "125"]
[EventDate "2018.11.15"]
[EventType "team-tourn"]
[EventRounds "11"]
[EventCountry "AUT"]
[SourceTitle "CBM 188 Extra"]
[Source "ChessBase"]
[SourceDate "2019.02.26"]
[SourceVersion "1"]
[SourceVersionDate "2019.02.26"]
[SourceQuality "1"]
[WhiteTeam "Jenbach"]
[BlackTeam "Mayrhofen/Zillertal"]
[WhiteTeamCountry "AUT"]
[BlackTeamCountry "AUT"]

1. e4 c5 2. Nf3 e6 3. c3 Nc6 4. d4 cxd4 5. cxd4 d5 6. e5 Nge7 7. Bd3 Nf5 8. Bxf5 exf5 9. h4 Be6 10. Kf1 Rc8 11. Nc3 h6 12. Ne2 Qb6 13. h5 Qa6 14. Kg1 Be7 15. Ne1 b6 16. Bf4 Kd7 17. Be3 Rc7 18. Nf4 Bg5 19. Ned3 Rhc8 20. Rh3 Bxf4 21. Nxf4 Nb4 22. a3 Nc2 23. Rb1 Ke8 24. Rg3 Nxe3 25. fxe3 Kf8 26. Rf3 Kg8 27. Rf2 Qb5 28. Kh2 Kh8 29. Ne2 Qd7 30. Rc1 Rxc1 31. Nxc1 Qe7 32. Nd3 Qh4+ 33. Kg1 Qg3 34. Qd2 Kg8 35. Nf4 Rc4 36. Rf3 Qg4 37. Rf1 Qg3 38. Rc1 Rxc1+ 39. Qxc1 Kh7 40. Kf1 Qh2 41. Ke2 Qg3 42. Qf1 Qh4 43. Kd2 Qh2 44. Qe1 a5 45. Kd3 Bd7 46. Kc3 Kh8 47. Kb3 Kh7 48. a4 Be6 49. Ka3 Bd7 50. Nxd5 Qxg2 51. Nxb6 Be6 52. Qxa5 f4 53. exf4 Qh3+ 54. Qc3 Qxh5 55. d5 Bf5 56. a5 Qd1 57. Kb4 Qf1 58. Qd4 h5 59. d6 h4 60. d7 Bxd7 61. Nxd7 h3 62. Qe4+ Kg8 63. e6 1-0